<?xml version="1.0" encoding="UTF-8"?>
<record
    xmlns:xsi="http://www.w3.org/2001/XMLSchema-instance"
    xsi:schemaLocation="http://www.loc.gov/MARC21/slim http://www.loc.gov/standards/marcxml/schema/MARC21slim.xsd"
    xmlns="http://www.loc.gov/MARC21/slim">

  <leader>01394nam a2200301 a 4500</leader>
  <controlfield tag="001">30542</controlfield>
  <controlfield tag="003">BD-RjUL</controlfield>
  <controlfield tag="005">20211209051559.0</controlfield>
  <controlfield tag="008">181209s1976    bg a     b    000 0 eng  </controlfield>
  <datafield tag="035" ind1=" " ind2=" ">
    <subfield code="a">(BD-RjUL)30628</subfield>
  </datafield>
  <datafield tag="040" ind1=" " ind2=" ">
    <subfield code="a">DLC</subfield>
    <subfield code="c">ODaWU</subfield>
    <subfield code="d">OCoLC</subfield>
    <subfield code="d">TNJ</subfield>
    <subfield code="d">DLC</subfield>
    <subfield code="d">BD-RjUL</subfield>
    <subfield code="b">eng</subfield>
  </datafield>
  <datafield tag="041" ind1="1" ind2=" ">
    <subfield code="a">eng</subfield>
  </datafield>
  <datafield tag="082" ind1="0" ind2="0">
    <subfield code="a">631.4754923</subfield>
    <subfield code="2">23</subfield>
    <subfield code="b">BAR 1976</subfield>
  </datafield>
  <datafield tag="110" ind1="1" ind2=" ">
    <subfield code="a">Bangladesh. </subfield>
    <subfield code="b">Ministry of Agriculture. Department of Soil Survey</subfield>
    <subfield code="9">225770</subfield>
  </datafield>
  <datafield tag="245" ind1="1" ind2="0">
    <subfield code="a">Reconnaissance soil survey of Sadar South and Cox's Bazar Subdivisions, Chittagong district, 1973 /</subfield>
    <subfield code="c">Bangladesh. Ministry of Agriculture. Department of Soil Survey ; report prepared by Mahbubur Rahman and A. T. M. Tajul Islam ; edited by S. M. Saheed,  Munirul Huq ; Appendix B compiled by Mustafizur Rahman ; Cartography: Ferdaus Khan</subfield>
  </datafield>
  <datafield tag="250" ind1=" " ind2=" ">
    <subfield code="a">Preliminary ed.</subfield>
  </datafield>
  <datafield tag="260" ind1=" " ind2=" ">
    <subfield code="a">Dacca:</subfield>
    <subfield code="b">Ministry of Agriculture,</subfield>
    <subfield code="c">1976</subfield>
  </datafield>
  <datafield tag="300" ind1=" " ind2=" ">
    <subfield code="a">viii, 349 p. :</subfield>
    <subfield code="b">Ill. ;</subfield>
    <subfield code="c">34 cm.</subfield>
    <subfield code="e">5 maps</subfield>
  </datafield>
  <datafield tag="504" ind1=" " ind2=" ">
    <subfield code="a">References: p. 348-349</subfield>
  </datafield>
  <datafield tag="650" ind1=" " ind2=" ">
    <subfield code="a">Soil Survey</subfield>
    <subfield code="z">Sadar South and Cox's Bazar Subdivisions</subfield>
    <subfield code="z">Chittagong District</subfield>
    <subfield code="z">Bangladesh</subfield>
    <subfield code="y">1973</subfield>
    <subfield code="9">225771</subfield>
  </datafield>
  <datafield tag="700" ind1=" " ind2=" ">
    <subfield code="a"> Rahman, Mahbubur</subfield>
    <subfield code="9">225775</subfield>
  </datafield>
  <datafield tag="700" ind1=" " ind2=" ">
    <subfield code="a">Tajul Islam, A. T. M. , jt. auth.</subfield>
    <subfield code="9">225776</subfield>
  </datafield>
  <datafield tag="700" ind1=" " ind2=" ">
    <subfield code="a">Saheed, S. M., ed.</subfield>
    <subfield code="9">225777</subfield>
  </datafield>
  <datafield tag="700" ind1=" " ind2=" ">
    <subfield code="a"> Huq, Munirul, jt ed.</subfield>
    <subfield code="9">225778</subfield>
  </datafield>
  <datafield tag="700" ind1=" " ind2=" ">
    <subfield code="a">Rahman, Mustafizur, Comp. (Appendix B)</subfield>
    <subfield code="9">225779</subfield>
  </datafield>
  <datafield tag="700" ind1=" " ind2=" ">
    <subfield code="a">Khan, Ferdaus, Cartographer</subfield>
    <subfield code="9">225780</subfield>
  </datafield>
  <datafield tag="942" ind1=" " ind2=" ">
    <subfield code="2">ddc</subfield>
    <subfield code="c">RAR</subfield>
  </datafield>
  <datafield tag="999" ind1=" " ind2=" ">
    <subfield code="c">30542</subfield>
    <subfield code="d">30542</subfield>
  </datafield>
  <datafield tag="952" ind1=" " ind2=" ">
    <subfield code="0">0</subfield>
    <subfield code="1">0</subfield>
    <subfield code="2">ddc</subfield>
    <subfield code="4">0</subfield>
    <subfield code="7">1</subfield>
    <subfield code="8">RARE</subfield>
    <subfield code="a">RUCL</subfield>
    <subfield code="b">RUCL</subfield>
    <subfield code="c">Rare</subfield>
    <subfield code="d">1978-07-06</subfield>
    <subfield code="e">Ministry of Agriculture</subfield>
    <subfield code="l">0</subfield>
    <subfield code="o">RA 631.4754923 BAR 1976</subfield>
    <subfield code="r">2018-12-09 00:00:00</subfield>
    <subfield code="t">C-1</subfield>
    <subfield code="w">2018-12-09</subfield>
    <subfield code="y">RAR</subfield>
  </datafield>
</record>
